[Event "Helmond Legibus op"]
[Site "Helmond"]
[Date "2013.06.30"]
[Round "8"]
[White "Smith, Thijmen"]
[Black "Jesse, Ingemars"]
[Result "1-0"]
[WhiteElo "2193"]
[BlackElo "2308"]
[PlyCount "113"]
[EventDate "2013.06.29"]
[EventType "swiss (rapid)"]
[EventRounds "9"]
[EventCountry "NED"]
[SourceTitle "CBM 155 Extra"]
[Source "ChessBase"]
[SourceDate "2013.08.26"]
[SourceVersion "1"]
[SourceVersionDate "2013.08.26"]
[SourceQuality "1"]

1. e4 d6 2. d4 Nf6 3. Nc3 g6 4. Be3 c6 5. f3 Nbd7 6. Qd2 b5 7. h4 Qc7 8. a4 b4 9. Nd1 a5 10. c3 bxc3 11. bxc3 Rb8 12. Bd3 e5 13. Ne2 h5 14. Nf2 Nb6 15. c4 Ra8 16. 0-0 Be7 17. Rfb1 Nfd7 18. Nc3 Ba6 19. d5 Bxh4 20. dxc6 Qxc6 21. Nd5 Bd8 22. c5 dxc5 23. Bb5 Bxb5 24. axb5 Qd6 25. Rxa5 Rxa5 26. Qxa5 Nxd5 27. Qd2 N7f6 28. exd5 Bb6 29. Ne4 Nxe4 30. fxe4 0-0 31. Rc1 Ra8 32. Qf2 Rc8 33. Kh1 Qe7 34. Rf1 Ra8 35. Qf6 Bd8 36. Qc6 Rb8 37. Bxc5 Qh4+ 38. Kg1 Be7 39. d6 Bf8 40. Qc7 Qd8 41. Qxf7+ Kh8 42. Qxg6 Rb7 43. Qxh5+ Rh7 44. Rxf8+ Qxf8 45. Qxe5+ Kg8 46. d7 Rh1+ 47. Kxh1 Qh6+ 48. Kg1 Qc1+ 49. Kh2 Qh6+ 50. Kg3 Qg6+ 51. Kf4 Qf7+ 52. Qf5 Qxf5+ 53. Kxf5 Kf7 54. d8Q Kg7 55. Qe7+ Kh6 56. Qf6+ Kh7 57. Qg6+ 1-0

[Event "Helmond Legibus op"]
[Site "Helmond"]
[Date "2013.06.29"]
[Round "2"]
[White "Smit, Maarten"]
[Black "Jesse, Ingemars"]
[Result "0-1"]
[WhiteElo "2044"]
[BlackElo "2308"]
[PlyCount "66"]
[EventDate "2013.06.29"]
[EventType "swiss (rapid)"]
[EventRounds "9"]
[EventCountry "NED"]
[SourceTitle "CBM 155 Extra"]
[Source "ChessBase"]
[SourceDate "2013.08.26"]
[SourceVersion "1"]
[SourceVersionDate "2013.08.26"]
[SourceQuality "1"]

1. c4 c5 2. Nf3 Nc6 3. d4 cxd4 4. Nxd4 f5 5. Nc3 g6 6. e3 Bg7 7. Be2 Nf6 8. 0-0 0-0 9. a3 d6 10. b4 Bd7 11. Bb2 Rc8 12. Rc1 Kh8 13. Qb3 Nxd4 14. exd4 e5 15. dxe5 dxe5 16. Rfd1 Qe8 17. Rd6 Be6 18. f3 Bg8 19. Qa4 Qe7 20. c5 b6 21. Nb5 bxc5 22. bxc5 Bh6 23. Rc3 Rxc5 24. Rxc5 Be3+ 25. Kh1 Bxc5 26. Ra6 Bb6 27. Nxa7 Qc5 28. Rxb6 Qxb6 29. Nb5 Qf2 30. Qd1 Rd8 31. Qf1 Qxf1+ 32. Bxf1 Rd1 33. Kg1 Bc4 0-1

[Event "Helmond Legibus op"]
[Site "Helmond"]
[Date "2013.06.29"]
[Round "4"]
[White "Vishnu, Prasanna V"]
[Black "Jesse, Ingemars"]
[Result "1-0"]
[WhiteElo "2494"]
[BlackElo "2308"]
[PlyCount "69"]
[EventDate "2013.06.29"]
[EventType "swiss (rapid)"]
[EventRounds "9"]
[EventCountry "NED"]
[SourceTitle "CBM 155 Extra"]
[Source "ChessBase"]
[SourceDate "2013.08.26"]
[SourceVersion "1"]
[SourceVersionDate "2013.08.26"]
[SourceQuality "1"]

1. d4 Nf6 2. c4 g6 3. Nc3 Bg7 4. e4 0-0 5. Bg5 c6 6. Bd3 d6 7. Qd2 e5 8. d5 a6 9. Nge2 cxd5 10. exd5 Nbd7 11. 0-0 Qe8 12. Rfe1 Nc5 13. Bc2 Bf5 14. Bxf5 gxf5 15. Ng3 Qc8 16. Bxf6 Bxf6 17. b4 f4 18. bxc5 fxg3 19. hxg3 Bg7 20. Ne4 f5 21. Nxd6 Qxc5 22. Nxb7 Qxc4 23. d6 e4 24. Rac1 Qb5 25. Rc7 Qe5 26. Rec1 Qf6 27. Re7 Kh8 28. Rcc7 Rg8 29. Rf7 Qa1+ 30. Kh2 f4 31. Qxf4 Qxa2 32. Rxg7 Rxg7 33. Qe5 Rag8 34. Rxg7 Rxg7 35. d7 1-0

[Event "NRW Class1 1213"]
[Site "Germany"]
[Date "2012.12.16"]
[Round "4.2"]
[White "Jesse, Ingemars"]
[Black "Afek, Yochanan"]
[Result "0-1"]
[WhiteElo "2272"]
[BlackElo "2306"]
[PlyCount "98"]
[EventDate "2012.09.16"]
[EventType "team-tourn"]
[EventRounds "9"]
[EventCountry "GER"]
[SourceTitle "EXT 2017"]
[Source "ChessBase"]
[SourceDate "2016.10.25"]
[SourceVersion "1"]
[SourceVersionDate "2016.10.25"]
[SourceQuality "1"]
[WhiteTeam "Lippstadt Turm"]
[BlackTeam "Castrop Rauxel"]
[WhiteTeamCountry "GER"]
[BlackTeamCountry "GER"]

1. c4 Nf6 2. Nc3 g6 3. g3 Bg7 4. Bg2 0-0 5. e4 c5 6. Nge2 Nc6 7. d3 a6 8. Bg5 Rb8 9. Qd2 b5 10. h4 h5 11. Rb1 d6 12. f3 Ne5 13. b3 Bd7 14. Rd1 b4 15. Nb1 Nh7 16. Be3 f5 17. Nf4 Qe8 18. 0-0 Nc6 19. Nh3 Nd4 20. Bh6 fxe4 21. fxe4 Bxh3 22. Bxh3 Nf3+ 23. Rxf3 Rxf3 24. Kg2 Rf6 25. Bf4 e5 26. Be3 Nf8 27. a4 Ne6 28. Bxe6+ Qxe6 29. Qe2 Rbf8 30. Nd2 Kh7 31. Bg5 Qg4 32. Qxg4 Rf2+ 33. Kh3 hxg4+ 34. Kxg4 Bh6 35. Be7 R8f7 36. Bg5 Kg7 37. Kh3 Bxg5 38. hxg5 Re2 39. Kg4 Ref2 40. Kh3 Rf8 41. Kg4 a5 42. Kh3 Re2 43. Kg4 Re3 44. Nf1 Ref3 45. Nh2 Rf2 46. d4 cxd4 47. c5 dxc5 48. Rc1 Rxh2 49. Rxc5 Rb2 0-1